| 000 | 00406nam a2200157 a 4500 | ||
|---|---|---|---|
| 005 | 20210219151547.0 | ||
| 008 | 991125s1919 mx 000 0 spa u | ||
| 035 | _aUPN01000036413 | ||
| 049 | _aLT | ||
| 050 | 4 |
_aLB1573 M6.5 _bM36 |
|
| 245 | 0 | 0 | _aManual de las alumnas de la quinta clase |
| 260 |
_aMéxico : _bEscuela Tip. Salesiana, _c1919 |
||
| 300 | _a172 p. | ||
| 904 |
_aAC _b036414 |
||
| 905 | _aLibro | ||
| 999 |
_c36413 _d36413 |
||